Statistics for African countries with the most tech-startup companies

Click here to take the quiz!

General Stats

  • This quiz has been taken 24 times
  • The average score is 9 of 10

Answer Stats

Money raisedAnswer% Correct
823 millionEgypt
100%
1,200 millionNigeria
100%
555 millionSouth Africa
100%
119 millionTunisia
100%
152 millionAlgeria
96%
1,100 millionKenya
96%
391 millionGhana
91%
80 millionTanzania
91%
112 millionSenegal
83%
70 millionUganda
74%

Score Distribution

Percentile by Number Answered

Percent of People with Each Score

Your Score History

You have not taken this quiz